书目信息 |
| 题名: |
伊朗通史
|
|
| 作者: | 奥希梯扬尼 著 ;叶奕良, 译 | |
| 分册: | 上册 | |
| 出版信息: | 北京 经济日报出版社 1997 |
|
| 页数: | 14,448页 | |
| 开本: | 20cm | |
| 丛书名: | 东方文化集成 | |
| 单 册: | ||
| 中图分类: | K373.0 | |
| 科图分类: | ||
| 主题词: | 历史--伊朗 | |
| 电子资源: | ||
| ISBN: | 7-80127-307-9 | |
| 000 | 00828nam0 2200265 45 | |
| 001 | CAL 012000159802 | |
| 005 | 20031219104054.5 | |
| 010 | @a7-80127-307-9@dCNY34.00 | |
| 100 | @a19990423d1997 emky0chiy0121 ea | |
| 101 | 1 | @achi@cper |
| 102 | @aCN@b110000 | |
| 105 | @ay z 000yd | |
| 106 | @ar | |
| 200 | 1 | @a伊朗通史@h上册@Ayi lang tong shi@f(伊朗)阿宝斯·艾克巴尔·奥希梯扬尼著@g叶奕良译 |
| 210 | @a北京@c经济日报出版社@d1997 | |
| 215 | @a14,448页@d20cm | |
| 225 | 2 | @a东方文化集成@i伊朗、阿富汗文化编 |
| 410 | 0 | @12001 @a东方文化集成.伊朗阿富汉文化编 |
| 606 | @a历史@y伊朗 | |
| 607 | @a伊朗@x历史 | |
| 690 | @aK373.0@v4 | |
| 701 | 1 | @a奥希梯扬尼@Aao xi ti yang ni@b阿宝斯·艾克巴尔@4著 |
| 702 | 0 | @a叶奕良, @Aye yi liang, @f1936- @4译 |
| 801 | @aCN@bTSTC@c20020416 | |
| 905 | @b308200-204@dK373.0@e3:1@f5 | |
| 伊朗通史.上册/(伊朗)阿宝斯·艾克巴尔·奥希梯扬尼著/叶奕良译.-北京:经济日报出版社,1997 |
| 14,448页;20cm.-(东方文化集成.伊朗、阿富汗文化编) |
| ISBN 7-80127-307-9:CNY34.00 |
| ● |
| 相关链接 |
|
|
|
|
正题名:伊朗通史
索取号:K373.0/3:1
 
预约/预借
| 序号 | 登录号 | 条形码 | 馆藏地/架位号 | 状态 | 备注 |
| 1 | 0308200 | 203082001 | 第二借阅区/ [索取号:K373.0/3:1] | 在馆 | |
| 2 | 0308201 | 203082010 | 第二借阅区/ [索取号:K373.0/3:1] | 在馆 | |
| 3 | 0308202 | 203082029 | 第二借阅区/ [索取号:K373.0/3:1] | 在馆 | |
| 4 | 0308203 | 203082038 | 第二借阅区/ [索取号:K373.0/3:1] | 在馆 | |
| 5 | 0308204 | 203082047 | 第二样本阅览室/ [索取号:K373.0/3:1] | 在馆 |